[Event "GER-ch U25-A"]
[Site "Willingen"]
[Date "2019.06.13"]
[Round "7"]
[White "Behringer, Tom"]
[Black "Bargsten, Justus"]
[Result "0-1"]
[WhiteElo "1766"]
[BlackElo "1980"]
[PlyCount "32"]
[EventDate "2019.06.08"]
[EventType "swiss"]
[EventRounds "9"]
[EventCountry "GER"]
[SourceTitle "CBM 191 Extra"]
[Source "ChessBase"]
[SourceDate "2019.09.30"]
[SourceVersion "1"]
[SourceVersionDate "2019.09.30"]
[SourceQuality "1"]

1. e4 c5 2. d3 g6 3. f4 Bg7 4. Nf3 e6 5. Be2 Ne7 6. c3 Nbc6 7. 0-0 d5 8. e5 f6 9. d4 Qb6 10. Kh1 cxd4 11. cxd4 Nf5 12. g4 Nfxd4 13. Be3 Qxb2 14. Nxd4 Qxa1 15. Nxc6 bxc6 16. Qc2 Rb8 0-1

[Event "JBLN West 1819"]
[Site "Germany"]
[Date "2019.05.19"]
[Round "9.2"]
[White "Behringer, Tom"]
[Black "Isler, Benjamin"]
[Result "1-0"]
[WhiteElo "1852"]
[BlackElo "1955"]
[PlyCount "145"]
[EventDate "2018.09.23"]
[EventType "team-tourn"]
[EventRounds "9"]
[EventCountry "GER"]
[SourceTitle "EXT 2020"]
[Source "ChessBase"]
[SourceDate "2019.10.17"]
[SourceVersion "1"]
[SourceVersionDate "2019.10.17"]
[SourceQuality "1"]
[WhiteTeam "Goettingen Rochade U20"]
[BlackTeam "Flensburg U20"]
[WhiteTeamCountry "GER"]
[BlackTeamCountry "GER"]

1. e4 e6 2. d4 d5 3. Nd2 c5 4. exd5 Qxd5 5. Ngf3 cxd4 6. Bc4 Qd6 7. 0-0 Nf6 8. Nb3 Nc6 9. Nbxd4 Nxd4 10. Nxd4 a6 11. Re1 Qc7 12. Bb3 Bd6 13. Nf5 Bxh2+ 14. Kh1 0-0 15. Nxg7 Rd8 16. Qf3 Kxg7 17. Bh6+ Kg6 18. c3 Nh5 19. Bc1 Bf4 20. g4 Ng3+ 21. fxg3 Bxc1 22. Raxc1 b6 23. Bc2+ Kg7 24. Be4 Ra7 25. Rcd1 Rxd1 26. Rxd1 Qe7 27. Qe3 f5 28. gxf5 exf5 29. Qd4+ Qf6 30. Bc6 Rc7 31. Qxf6+ Kxf6 32. Rd6+ Ke5 33. Rh6 Bb7 34. Bg2 Bxg2+ 35. Kxg2 Rb7 36. Kf3 a5 37. a4 b5 38. Ra6 bxa4 39. Rxa5+ Ke6 40. Rxa4 Rxb2 41. Ra7 Rc2 42. Rc7 Rc1 43. Kf4 Rf1+ 44. Ke3 Rg1 45. Rg7 Kf6 46. Kf2 Rc1 47. Rc7 Ke5 48. Ke3 Re1+ 49. Kd3 Rg1 50. Re7+ Kd6 51. Re3 Rf1 52. Ke2 Rc1 53. Kf3 Rf1+ 54. Ke2 Rc1 55. Kd3 Rf1 56. Kc4 f4 57. gxf4 Rxf4+ 58. Kb5 Rf5+ 59. Kb6 Rh5 60. Rd3+ Rd5 61. Rh3 h5 62. c4 Rg5 63. Rd3+ Ke7 64. c5 h4 65. c6 Rg1 66. c7 Rb1+ 67. Ka6 Ra1+ 68. Kb7 Rb1+ 69. Kc8 Rc1 70. Re3+ Kd6 71. Kd8 h3 72. Rxh3 Rg1 73. Rh6+ 1-0

[Event "JBLN West 1819"]
[Site "Germany"]
[Date "2018.09.23"]
[Round "1.3"]
[White "Behringer, Tom"]
[Black "Pahl, Erik"]
[Result "0-1"]
[WhiteElo "1852"]
[BlackElo "2044"]
[PlyCount "121"]
[EventDate "2018.09.23"]
[EventType "team-tourn"]
[EventRounds "9"]
[EventCountry "GER"]
[SourceTitle "EXT 2020"]
[Source "ChessBase"]
[SourceDate "2019.10.17"]
[SourceVersion "1"]
[SourceVersionDate "2019.10.17"]
[SourceQuality "1"]
[WhiteTeam "Goettingen Rochade U20"]
[BlackTeam "Delmenhorst U20"]
[WhiteTeamCountry "GER"]
[BlackTeamCountry "GER"]

1. e4 c5 2. Nf3 d6 3. Bb5+ Nd7 4. d4 cxd4 5. Qxd4 a6 6. Bxd7+ Bxd7 7. 0-0 e5 8. Qd3 h6 9. Nc3 Nf6 10. Nd2 Rc8 11. Nc4 Be6 12. Ne3 Be7 13. a4 b6 14. Qxa6 Rxc3 15. bxc3 Nxe4 16. Nc4 0-0 17. Be3 Qc7 18. Nxb6 f5 19. c4 f4 20. Nd5 Bxd5 21. Bb6 Qxc4 22. Qa7 Bg5 23. f3 Nc3 24. Qd7 Qc6 25. Qxc6 Bxc6 26. a5 Bb5 27. Rfe1 Bh4 28. Bf2 Bxf2+ 29. Kxf2 Kf7 30. Ra3 Nd5 31. Rd1 Ke6 32. Rb3 Ba6 33. Rd2 Rc8 34. g3 Rc5 35. gxf4 exf4 36. Ra3 Ne3 37. Ra4 g5 38. Re4+ Kd7 39. Red4 Nc4 40. R2d3 Rxa5 41. h4 Ra2 42. Rc3 Ne3 43. hxg5 Ra1 44. Rxf4 Nd1+ 45. Kg3 Nxc3 46. Rf7+ Ke6 47. Rf6+ Ke7 48. Rxh6 Rg1+ 49. Kf4 Ne2+ 50. Kf5 Bc8+ 51. Ke4 Rxg5 52. Rh7+ Ke6 53. Rh6+ Kd7 54. f4 Ng3+ 55. Kf3 Rg7 56. Rh8 Bb7+ 57. Ke3 Nf5+ 58. Kd3 Ke6 59. Rb8 Ba6+ 60. Ke4 Bb7+ 61. Kd3 0-1

[Event "Schleswig-Holstein-ch Kandidaten"]
[Site "Bad Segeberg"]
[Date "2018.03.26"]
[Round "4"]
[White "Kollhoff, Josef"]
[Black "Behringer, Tom"]
[Result "1/2-1/2"]
[WhiteElo "1869"]
[BlackElo "1759"]
[PlyCount "55"]
[EventDate "2018.03.24"]
[EventType "swiss"]
[EventRounds "9"]
[EventCountry "GER"]
[SourceTitle "EXT 2023"]
[Source "ChessBase"]
[SourceDate "2022.10.05"]
[SourceVersion "1"]
[SourceVersionDate "2022.10.05"]
[SourceQuality "1"]

1. d4 d5 2. c4 c6 3. Nf3 e6 4. Nc3 dxc4 5. a4 Bb4 6. Bd2 b5 7. axb5 Bxc3 8. Bxc3 cxb5 9. b3 cxb3 10. Qxb3 a6 11. e3 Bb7 12. Be2 Nf6 13. 0-0 0-0 14. Ne5 Nc6 15. Bf3 Nd5 16. Nd3 Qd6 17. Ba5 Rfc8 18. Nc5 Rab8 19. Bd2 Nc7 20. Nxb7 Rxb7 21. Rfc1 Rb6 22. Rc2 Nd5 23. Bxd5 exd5 24. Bb4 Qd7 25. Bc5 Rbb8 26. Rxa6 b4 27. g3 Rb5 28. Rca2 1/2-1/2

[Event "GER-ch U25-A"]
[Site "Willingen"]
[Date "2016.05.17"]
[Round "4"]
[White "Gallasch, Robin"]
[Black "Behringer, Tom"]
[Result "0-1"]
[WhiteElo "1604"]
[BlackElo "1774"]
[PlyCount "52"]
[EventDate "2016.05.15"]
[EventType "swiss"]
[EventRounds "9"]
[EventCountry "GER"]
[SourceTitle "CBM 172 Extra"]
[Source "ChessBase"]
[SourceDate "2016.06.21"]
[SourceVersion "1"]
[SourceVersionDate "2016.06.21"]
[SourceQuality "1"]

1. d4 d5 2. c4 c6 3. Nf3 e6 4. Nc3 dxc4 5. a4 Bb4 6. Bd2 b5 7. e3 a5 8. axb5 Bxc3 9. Bxc3 cxb5 10. b3 Bb7 11. bxc4 b4 12. Bb2 Nf6 13. Be2 0-0 14. 0-0 Qc7 15. h3 Nbd7 16. Qb3 Bc6 17. Rac1 Qb7 18. Qd1 a4 19. Rb1 Ne4 20. Ba3 Nc3 21. Rxb4 Nxd1 22. Rxb7 Bxb7 23. Bxf8 Nc3 24. Bb4 Nxe2+ 25. Kh2 a3 26. Nd2 Ra4 0-1

[Event "GER-ch U25-A"]
[Site "Willingen"]
[Date "2016.05.17"]
[Round "5"]
[White "Stemmler, Fabian"]
[Black "Behringer, Tom"]
[Result "1/2-1/2"]
[WhiteElo "1935"]
[BlackElo "1774"]
[PlyCount "75"]
[EventDate "2016.05.15"]
[EventType "swiss"]
[EventRounds "9"]
[EventCountry "GER"]
[SourceTitle "CBM 172 Extra"]
[Source "ChessBase"]
[SourceDate "2016.06.21"]
[SourceVersion "1"]
[SourceVersionDate "2016.06.21"]
[SourceQuality "1"]

1. e4 e6 2. d4 d5 3. Nd2 c5 4. exd5 Qxd5 5. Ngf3 cxd4 6. Bc4 Qd6 7. 0-0 Nf6 8. Nb3 Nc6 9. Nbxd4 Nxd4 10. Nxd4 a6 11. c3 Qc7 12. Qe2 Bd6 13. h3 0-0 14. Bd3 h6 15. Qf3 Be5 16. Ne2 Bd7 17. Bf4 Bc6 18. Qg3 Bxf4 19. Qxf4 Qxf4 20. Nxf4 Rfd8 21. Rad1 Rac8 22. Bc2 Kf8 23. Rxd8+ Rxd8 24. Rd1 Ke7 25. Rxd8 Kxd8 26. f3 Kd7 27. Kf2 Kd6 28. Nd3 Nd7 29. Nb4 Bb5 30. a4 a5 31. Nd3 Bc6 32. b3 Nc5 33. Nxc5 Kxc5 34. Ke3 Bd5 35. g3 e5 36. h4 f5 37. Kf2 g6 38. Ke3 1/2-1/2